000 00324nam a22001457a 4500
008 210511b ||||| |||| 00| 0 eng d
020 _a9780486463322
041 _aeng
080 _24th
_a82
082 _a82
100 _a21
101 _aGJL
245 _aThe World's Great Speeches
_cLewis Copeland
942 _2udc
_cBK
999 _c57149
_d57149